00890nam a2200181 a 4500008004100000050002400041100001800065245014500083260006000228300002600288490004000314490001900354500001700373650003400390995014500424999001700569952012200586121019s1995 ||||||||||||||||| || u aPAPERS/STAFF/SIZIYA aSiziya, Seter10aHaemolytic uraemic syndrome following shigella dysenteriae type 1 outbreak in Zimbabwe: a clinical experiencecby Seter Siziya; [and others] aLusaka:bUniversity of Zambia, School of Medicinec1995 ap. 267 - p. 274: ill. aCentral African Journal of Medicine vVol. 41, No. 9 aBibliography aDISEASES--OUTBREAKS--ZIMBABWE aSPECIAL COLLECTIONSe288FCBU-SCHOOL OF MEDICINE LIBRARY (Ndola)jPAPERS/STAFF/SIZIYAM1UAVAILABLEWNov 26, 2012yB288ZZambiana Collection c31597d31597 00102lcc4070a002b002cZambiana Collectiond2022-11-30l0oPAPERS/STAFF/SIZIYApB288r2022-11-30w2022-11-30y002